MDQL
is popping MORE tags! Check the
thread
!
Quizzes
Events
Quiz Creation
Community
Videos
Private Events
Remove Ads
Sign In
Join for FREE
Feedback
Dark Mode
Quiz Categories
Sports
Geography
Music
Movies
Television
Just For Fun
Miscellaneous
History
Literature
Language
Science
Gaming
Entertainment
Religion
Holiday
For Kids
Quiz Lab
Recent
Popular Today
Quiz Kudos Today
Editor Picks
Curator Picks
Quizzes by...
Day
Popularity
Type
Ratings
Length
Year
Community
Subscriptions
Recent Discussions
Orange Saloon
Badges
Playlists
Quests
Create
Leaderboards
Showdown
Live 5
Trivia Bingo
Activity
Puzzle Library
Sporcle Events
Private Events
Virtual Trivia
Globe League
Become a Host
Pub Owners
SporcleCon
Opinionation
Our Games
Videos
Blog
Mobile Apps
Partnerships
Remove Ads and Go Orange
Feedback
Gaming
Video Games
Board Games
Card Games
Pokémon
Mario
Nintendo
Minecraft
Console
Toys
Legend of Zelda
Gaming
Video Games
Board Games
Card Games
Pokémon
Mario
Nintendo
Minecraft
Console
Toys
Legend of Zelda
Random Quiz
Search Sporcle
×
Quiz Lab
Quiz Lab
Gaming
Animal
Type in answers that appear in a list
Type in answers that appear in a list
Classic
Best Score? Go Orange.
Animal crossing species Stats
Can you name the different species in animal crossing?
By
GrandHighWitch
10m
68 Questions
80 Plays
80 Plays
80 Plays
Comments
Comments
Give Quiz Kudos
Give Quiz Kudos
-
- Ratings
hide this ad
Replay
Link that replays current quiz
Next Quiz
Link to next quiz in quiz playlist
You Got
0%
They Got
Avg Score
74%
Avg Friend Score
Upgrade to see
Score Distribution
Jump to the score distribution portion of the page
Score
0/68
Timer
10:00
0
Plays Today
Examples of characters
Type of animal
% Correct
Bob, Mitzi, Punchy
Cat
95%
Biskit, Butch, Daisy
Dog
95%
Chow, Teddy, Tutu
Bear
92.5%
Dotty, Ruby, Zipper T. Bunny
Rabbit
90%
Cyrus, Reese
Alpaca
89.4%
Saharah
Camel
88.8%
Curly, Lucy, Truffles
Pig
88.8%
Chief, Lobo, Wolfgang
Wolf
88.8%
Blathers, Celeste
Owl
87.5%
Baabara, Eunice, Vesta
Sheep
87.5%
Bam, Beau, Fauna
Deer
86.4%
Belle, Patty, Tipper
Cow
86.3%
Anchovy, Jay, Jitters
Bird
85%
Camofrog, Lily, Puddles
Frog
85%
Bud, Elvis, Mott
Lion
85%
Timmy, Tommy, Tom Nook
Raccoon
85%
Gracie
Giraffe
83.8%
Labelle, Mabel, Sable
Hedgehog
83.8%
Buck, Elmer, Victoria
Horse
83.8%
Cornimer, Tortimer
Tortoise
83.8%
Benedict, Egbert, Goose
Chicken
82.5%
Mr. Resetti, Don Resetti
Mole
82.5%
Champ, Porter, Simon
Monkey
82.5%
Alfonso, Alli, Sly
Alligator
81.3%
Redd
Kitsune
81.3%
Marina, Octavian, Zucker
Octopus
81.3%
Aurora, Cube, Hopper
Penguin
81.3%
Bill, Drake, Pompom
Duck
80%
Amelia, Apollo, Pierce
Eagle
80%
Dizzy, Eloise, Margie
Elephant
80%
Bree, Dora, Samson
Mouse
80%
Pelly, Pete, Phyllis
Pelican
80%
Merengue, Rhonda, Tank
Rhinoceros
80%
Apple, Graham, Hamlet
Hamster
78.8%
Examples of characters
Type of animal
% Correct
Anabelle, Antonio,Cyrano
Anteater
78.8%
Angus, Rodeo, Stu
Bull
78.8%
Chevre, Iggy, Nan
Goat
78.8%
Boone, Cesar, Peewee
Gorilla
78.8%
Pascal
Otter
78.8%
Blaire, Filbert, Nibbles
Squirrel
78.8%
Bangle, Rolf, Rowan
Tiger
77.5%
Kicks
Skunk
76.3%
Joan
Boar
75%
Chip
Beaver
75%
Gulliver
Seagull
75%
Leif
Sloth
72.7%
Bitty, Harry, Rocco
Hippopotamus
72.5%
Astrid, Kitt, Mathilda
Kangaroo
72.5%
Grams, Kapp'n, Leilani
Snapping Turtle
72.5%
Wendell
Walrus
72.5%
Gladys, Queenie, Sandy
Ostrich
70%
Katrina
Panther
70%
Brewster
Pigeon
70%
Jingle
Reindeer
70%
Nat
Chameleon
68.8%
Bluebear, Poncho, Stitches
Cub
66.3%
Pavé
Peacock
65%
Alloid, Lullaboid, Rhythmoid
Gyroid
63.8%
Alice, Melba, Yuka
Koala Bear
63.8%
Dr. Shrunk
Salamander
61.3%
Franklin
Turkey
61.3%
Savannah
Zebra
58.8%
Jack
Pumpkin
56.3%
Phineas
Sea Lion
51.3%
Luna
Tapir
50%
Lyle
Weasel
47.5%
N/
A
Snowman
7.5%
N/
A
Spirit
7.5%
Quiz Playlist
Details
Report
Send in Message
Add To Playlist
Classic:
Type in answers that appear in a list
Last Updated: May 27, 2017
Quiz Scoreboard
CHALLENGE
Sign Up to Join the Scoreboard
Show All
Scores
Hide
Comments
May contain spoilers
Recently Published
Two Season TV Shows II
by 123Four
Television
10m
Image Sorting: Flags VI
by Barbecue
Geography
2m
Find the 'City' Movie
by crazypaving
Movies
60s
More to Explore
Quiz From the Vault
Featured Blog Post
14 Easter Pick-up Lines to Find Eggs With
hide this ad
You Might Also Like...
Tags
Animal Quiz
Character
Crossing
Different
Example
Today's Top Quizzes in Gaming
Browse Gaming
hide this ad
Today's Top Quizzes in Animal
Browse Animal
Top Contributed Quizzes in Gaming
1
League of Legends Pro Players by Career/Team History
2
Destiny 2 exotic weapons by perk icons
3
Genshin Impact Logic Puzzle
4
Genshin murder mystery
5
Dead By Daylight Logic Puzzle
6
4x4 Decades: Video Games
7
Ultimate Genshin Impact Logic Puzzle (up to 4.3)
8
Genshin Impact Logic Puzzle Quiz
9
Overwatch Logic Puzzle
10
Who's on the WWE 2K24 Cover?
Explore More
Trending Topics
Kpop
Disney
Marvel
Harry Potter
Anime
NBA
Crossword
Song
WWE
Country
Soccer
The Office
NFL
Puzzle
Pokémon
hide this ad
More By:
GrandHighWitch
Quiz
Plays
Rating
Category
Featured
Created
Coronation Street Characters 2020
8,886
4.50
Television
Aug 9, 2014
Eastenders Characters 2020
7,076
Television
May 21, 2015
Cities in England
1,760
3.40
Geography
Aug 18, 2015
Southpark characters
639
3.80
Television
Aug 18, 2015
Avatar the last air bender characters
579
1.00
Television
Jan 19, 2020
Go to Creator's Profile
Score Distribution
Quiz Creator Spotlight
GrandHighWitch
Follow
Send a Message
Quizzes Created
-
Created Quiz Play Count
-
More By This Creator
Popular Quizzes Today
1
Find the US States - No Outlines Minefield
2
Colored Red Africa Blitz
3
Find the 'City' Movie
4
5x2 Blitz: Bands
5
The Countries of the World
6
Find the Countries of Europe - No Outlines Minefield
7
Find the US States
8
US States
More Gaming Quizzes
Pokemon of all Weights
Editor's Pick
Trending Quizzes
Colored Red Europe Blitz I
Colored Red Africa Blitz II
Colored Red Europe Blitz II
Colored Red Africa Blitz III
Colored Red Europe Blitz III
Recently Updated
How Do You Spell That?
pecheneg
Godzilla Movies
pecheneg
Grab Bag: 4-10 Letters
pecheneg
2024 March Madness Bracket
pecheneg
Famous TV Couples
Peacemaker
Champions League XIs: Real Madrid
pecheneg
Largest US Cities 1790-2010
pecheneg
Rides in Walt Disney World
pecheneg
Most Oscar Losses (Acting)
pecheneg
Beyoncé Albums
pecheneg
Trending Topics
Crossword
Kpop
Harry Potter
Disney
Marvel
Anime
NBA
The Office
Pokémon
Country
NFL
Song
Puzzle
Soccer
WWE
Your Account Isn't Verified!
In order to create a playlist on Sporcle, you need to verify the email address you used during registration. Go to your
Sporcle Settings
to finish the process.
Report this User
Report this user for behavior that violates our
Community Guidelines
.
Details:
Send Report
Go to the Sporcle.com Mobile Site →
Comments